000 01048nam a2200265Ia 4500
999 _c53489
_d53489
003 GCL
005 20240530105135.0
008 140319s9999 xx 000 0 ara d
040 _aGCL /
_cGCL
082 0 4 _a953
_bج ت
100 0 _aجمال عبدالهادى محمد مسعود
245 1 0 _a تاريخ الامة المسلمة الواحدة منذ اقدم عصورها وحتى القرن السابع قبل الهجرة فى مصر والعراق /
_cجمال عبدالهادى محمد مسعود ، وفاء محمد رفعت جمعة
250 _aط.1
260 _a[S.N] :
_bدار الوفاء للطباعة والنشر والتوزيع ،
_c1991
300 _a438 ص
490 0 _aاخطاء يجب ان تصحح فى التاريخ
650 0 4 _aمصر
650 0 4 _aتاريخ
650 0 4 _aالانبياء
650 0 4 _aمصر القديمة
650 0 4 _aالقصص الدينية
650 0 4 _aالعراق القديم - تاريخ
700 0 _aوفاء محمد رفعت جمعة
942 _2ddc
_cBK